| 000 | 00456nam a2200181 a 4500 | ||
|---|---|---|---|
| 001 | 1774863791261 | ||
| 003 | YourLibrary | ||
| 005 | 20260330151549.0 | ||
| 008 | 260330s2007##################000#0#eng## | ||
| 020 | _a9780131183202 | ||
| 082 | 0 | 4 |
_a362 _bRIC |
| 100 | 1 |
_aRich, James Michael, _eauthor. |
|
| 245 | 1 | 0 | _aSLAM : |
| 260 |
_bPrentice Hall, _c2007. |
||
| 650 | 0 | _aAirway (Medicine). | |
| 942 | _cENGLISH | ||
| 040 |
_aYourLibrary _beng _cYourLibrary |
||
| 999 |
_c618183 _d618183 |
||